000 00542nam a2200193Ia 4500
003 OSt
005 20230527120456.0
008 210423s2002 xx 000 0 und d
040 _cAL
082 _a338.9
_223
_b AGAC
100 _aAGARWAL (Bina);others
_9115413
245 _aCapabilities freedom and equality
260 _aNew Delhi
_bOxford University Press
_c2002
365 _b795
_cINR
650 _aEconomics
_9115414
650 _aEconomics of Development
_9115415
906 _aCapabilities ; equality ; freedom
942 _2ddc
_cBK
999 _c174397
_d174397